|
|
|
|
| LEADER |
03420nam a22005175i 4500 |
| 001 |
978-0-387-68222-8 |
| 003 |
DE-He213 |
| 005 |
20151204180156.0 |
| 007 |
cr nn 008mamaa |
| 008 |
100301s2007 xxu| s |||| 0|eng d |
| 020 |
|
|
|a 9780387682228
|9 978-0-387-68222-8
|
| 024 |
7 |
|
|a 10.1007/978-0-387-68222-8
|2 doi
|
| 040 |
|
|
|d GrThAP
|
| 050 |
|
4 |
|a QB1-991
|
| 072 |
|
7 |
|a WNX
|2 bicssc
|
| 072 |
|
7 |
|a SCI004000
|2 bisacsh
|
| 072 |
|
7 |
|a JNF051040
|2 bisacsh
|
| 082 |
0 |
4 |
|a 520
|2 23
|
| 100 |
1 |
|
|a Longuski, Jim.
|e author.
|
| 245 |
1 |
4 |
|a The Seven Secrets of How to Think Like a Rocket Scientist
|h [electronic resource] /
|c by Jim Longuski.
|
| 264 |
|
1 |
|a New York, NY :
|b Springer New York,
|c 2007.
|
| 300 |
|
|
|a X, 174 p. 8 illus.
|b online resource.
|
| 336 |
|
|
|a text
|b txt
|2 rdacontent
|
| 337 |
|
|
|a computer
|b c
|2 rdamedia
|
| 338 |
|
|
|a online resource
|b cr
|2 rdacarrier
|
| 347 |
|
|
|a text file
|b PDF
|2 rda
|
| 505 |
0 |
|
|a Dream -- Imagine It -- Work on the Big Picture -- Aim High -- BS! -- Brainstorm -- Create Desire -- Tell a Story -- Sleep on It -- Think JFK -- Judge -- Get Real -- Play Games -- Simulate It -- Run a Thought Experiment -- Know Your Limits -- Weigh Ideas -- Ask -- Ask Dumb Questions -- Ask Big Questions -- Ask “What If?” -- Ask: “Animal, Vegetable, or Mineral?” -- Ask Just One More Question -- Check -- Prove Yourself Wrong -- Inspect for Defects -- Have a Backup Plan -- Do a Sanity Test -- Check Your Arithmetic -- Know the Risks -- Question Your Assumptions -- Simplify -- Keep It Simple, Stupid -- Draw a Picture -- Make a Mock-up -- Name the Beasts -- Look at the Little Picture -- Do the Math -- Apply Occam’s Razor -- Optimize -- Minimize the Cost -- Minimize the Time -- Be Mr. Spock -- Make It Faster, Better, Cheaper (But Not All Three!) -- Know When Bigger Is Better -- Let Form Follow Function -- Pick the Best People -- Make Small Improvements -- Do -- Learn by Doing -- Sharpen Your Axe -- Correct It on the Way -- Do Something -- Don’t Ignore Trends -- Work on Your Average Performance -- Look Behind You -- Learn from Your Mistakes -- Epilogue.
|
| 520 |
|
|
|a Would you like to know the methods that rocket scientists use—expressed in a way that you could apply to your everyday life? The book you are holding does just that. Illustrated are the methods (the 7 secrets) with anecdotes, quotations and biographical sketches of famous scientists, ideas from sci-fi, personal stories and insights, and occasionally a bit of space history. It turns out that rocket science is just common sense applied to the extraordinarily uncommon environment of outer space. (And that rocket scientists are people, too!).
|
| 650 |
|
0 |
|a Popular works.
|
| 650 |
|
0 |
|a Observations, Astronomical.
|
| 650 |
|
0 |
|a Astronomy
|x Observations.
|
| 650 |
|
0 |
|a Astrophysics.
|
| 650 |
|
0 |
|a Astronomy.
|
| 650 |
|
0 |
|a Aerospace engineering.
|
| 650 |
|
0 |
|a Astronautics.
|
| 650 |
1 |
4 |
|a Popular Science.
|
| 650 |
2 |
4 |
|a Popular Science in Astronomy.
|
| 650 |
2 |
4 |
|a Aerospace Technology and Astronautics.
|
| 650 |
2 |
4 |
|a Astronomy, Observations and Techniques.
|
| 650 |
2 |
4 |
|a Astrophysics and Astroparticles.
|
| 710 |
2 |
|
|a SpringerLink (Online service)
|
| 773 |
0 |
|
|t Springer eBooks
|
| 776 |
0 |
8 |
|i Printed edition:
|z 9780387308760
|
| 856 |
4 |
0 |
|u http://dx.doi.org/10.1007/978-0-387-68222-8
|z Full Text via HEAL-Link
|
| 912 |
|
|
|a ZDB-2-SHU
|
| 950 |
|
|
|a Humanities, Social Sciences and Law (Springer-11648)
|